000 00375nam a22001451a 4500
082 _aM3
_bVAR/M
100 _aVarghese K C
_9155275
245 _aManushya puthran/
_cby Varghese K C
260 _aKozhikode:
_bMulberry,
_c1999.
300 _a160p.
650 _aNovel Malayalam
_9155276
650 _aLiterature Malayalam
_9155277
650 _aLiterature
_9155278
942 _cBK
999 _c27703
_d27703